Of Mice and Men Character Roster - Statistics

General Stats
  • This quiz has been taken 102 times
    96 since last reset
  • The average score is 9 of 13
Answer Stats
Hint Answer % Correct
Small, wry, quick-witted man George Milton
97%
Intellectually disabled migrant worker Lennie Small
96%
Rumored to be a champion prizefighter Curley
81%
Aging ranch handyman Candy
78%
Went to grammar school, in jail for a "tart" Andy Cushman
77%
"Prince" of the ranch Slim
76%
Gets his name from a physical feature Crooks
72%
Referred to as a "tramp" Curley's wife
70%
The main character is shot with his gun Carlson
68%
Only appears once; fair-minded man The Boss
51%
Only mentioned in dialogue; caretaker of a main character Aunt Clara
41%
A young worker that warns George of a female character Whit
33%
A previous worker at the ranch; submitted a letter to the magazine Bill Tenner
18%
No matching quizzes found
Score Distribution
Percent of People with Each Score
Percentile by Number Answered
Your Score History
You have not taken this quiz since the last reset